000 00874nam a2200253Ia 4500
003 OSt
005 20220923214745.0
006 a|||||r|||| 00| 0
007 ta
008 220922b |||||||| |||| 00| 0 hin d
024 _a172,390
037 _cTextual
040 _aARTS
_cARTS
_bhin
041 _2hin
_ahin
082 _aO111,1M88:g, 152N8
100 _aअवस्थी, आउम प्रकाश
245 0 _aइलियट का काव्य शास्त्र
246 _aIliyaṭ kā kāvya shāstra
260 _aकानपुर
_b साहित्य निलय प्रका0
_c1998
300 _a192पृ.
_ccm.
650 _aअंग्रेजी साहित्य
_9156276
942 _hO111,1M88:g, 152N8
_cTEXL
_2CC
999 _c326454
_d326454